Effect of n and p on the performance of spinach (spinacia oleracea) in rooftop and farm / (Record no. 16893)

MARC details
000 -LEADER
fixed length control field 01120nam a22002657a 4500
001 - CONTROL NUMBER
control field BD-DhSAU 7469
003 - CONTROL NUMBER IDENTIFIER
control field BD-DhSAU
005 - DATE AND TIME OF LATEST TRANSACTION
control field 20230711101115.0
008 - FIXED-LENGTH DATA ELEMENTS--GENERAL INFORMATION
fixed length control field 150422b2006 bg ||||| m||m 00| 0 eng d
040 ## - CATALOGING SOURCE
Original cataloging agency BD-DhSAU
082 ## - DEWEY DECIMAL CLASSIFICATION NUMBER
Edition number 22
Classification number 634.99
Item number J663
100 ## - MAIN ENTRY--PERSONAL NAME
Personal name JOHRA, MST. FATEMA TUJ
Relator term Registration No. # 19-10357
245 ## - TITLE STATEMENT
Title Effect of n and p on the performance of<br/>spinach (spinacia oleracea) in rooftop and farm /
Remainder of title MS thesis
260 ## - PUBLICATION, DISTRIBUTION, ETC. (IMPRINT)
Place of publication, distribution, etc. Sher-e- Bangla Agricultural University:
Name of publisher, distributor, etc. Department of Agroforestry And Environmental Science,
Date of publication, distribution, etc. 2021.
300 ## - PHYSICAL DESCRIPTION
Extent xii, 71p.:
Other physical details 30 cm.
500 ## - GENERAL NOTE
General note MS thesis of Department of Agroforestry And Environmental Science, Faculty of Agriculture , Sher-e-Bangla Agricultural University, Dhaka, Bangladesh
590 ## - Name of Cataloguer
Name of Cataloger Namul
650 ## - SUBJECT ADDED ENTRY--TOPICAL TERM
Topical term or geographic name as entry element n and p o
651 ## - SUBJECT ADDED ENTRY--GEOGRAPHIC NAME
Geographic name spinach (spinacia oleracea)
654 ## - SUBJECT ADDED ENTRY--FACETED TOPICAL TERM
Focus term rooftop and farm
700 ## - ADDED ENTRY--PERSONAL NAME
Personal name Prof. Dr. Md. Forhad Hossain
Relator term Superviser
700 ## - ADDED ENTRY--PERSONAL NAME
Personal name Prof. Dr. Md. Kausar Hossain
Relator term Co-Superviser
856 ## - ELECTRONIC LOCATION AND ACCESS
Uniform Resource Identifier <a href="http://archive.saulibrary.edu.bd:8080/xmlui/handle/123456789/4933">http://archive.saulibrary.edu.bd:8080/xmlui/handle/123456789/4933</a>
942 ## - ADDED ENTRY ELEMENTS (KOHA)
Source of classification or shelving scheme Dewey Decimal Classification
Koha item type MS Level Thesis
Holdings
Withdrawn status Lost status Source of classification or shelving scheme Damaged status Not for loan Collection code Home library Branch Name Date acquired Total Checkouts Full call number Barcode Date last seen Price effective from Koha item type
    Dewey Decimal Classification   Not For Loan Reference SAU Library SAU Library 11/07/2023   634.99 J663 44608 11/07/2023 11/07/2023 MS Level Thesis